000 00507nam a2200193Ia 4500
008 101110s9999 xx 000 0 und d
041 _aENGLISH
082 _bSR9398
_a380.10
100 _aBahl, Dhongde
245 _aElements of Commerce and Business Method
365 _b10.5
520 _aCommerce
546 _aENGLISH
630 _aElements of Commerce and Business Method
650 _aCommerce
655 _aCommerce
730 _aElements of Commerce and Business Method
942 _cBOOK
999 _c804587
_d804584